Which China? - Statistics

General Stats
  • This quiz has been taken 7 times
  • The average score is 7 of 10
Answer Stats
Question Answer % Correct
Hosted the 2008 Summer Olympics PRC
100%
Official language is Mandarin Chinese Both
86%
Is currently recognised by the United Nations PRC
86%
Hosted the world's tallest building from 2004 to 2010 ROC
86%
Sun Yat-Sen led this nation as it's first president ROC
86%
Transitioned away from dictatorship and into democracy in the 70s and 80s ROC
71%
Led Chinese forces to victory against Japanese Invasion during WW2 ROC
71%
Led by the Kuomintang Party for much of it's history ROC
57%
Was lead by a single dictator until his death for much of the 20th century Both
43%
Sun Yat-Sen is buried in this nation PRC
43%
No matching quizzes found
Score Distribution
Percent of People with Each Score
Percentile by Number Answered
Your Score History
You have not taken this quiz